Movies Quiz

Random Movies or Clickable Quiz
Score 0/21 Timer 05:00
7 Plays Today
% Correct
Transformers
97.8%
Ratatouille
97.4%
Pirates of the Caribbean: At World's End
97.2%
The Bourne Ultimatum
96.6%
Sweeney Todd
94.4%
Juno
94.2%
Enchanted
92.5%
The Golden Compass
91.3%
No Country for Old Men
91.2%
Elizabeth: The Golden Age
88%
Michael Clayton
80.8%
% Correct
La Vie en Rose
79.5%
3:10 to Yuma
77.9%
American Gangster
77.7%
Into the Wild
72%
There Will Be Blood
67.7%
The Assassination of Jesse James...
67.2%
Atonement
56.8%
The Diving Bell and the Butterfly
54.6%
The Savages
43.5%
Away from Her
33.1%
Remove Ads.
Support Sporcle.
Get the best of Sporcle when you Go Orange. This ad-free experience offers more features, more stats, and more fun while also helping to support Sporcle. Thank you for becoming a member.

You're not logged in!

Compare scores with friends on all Sporcle quizzes.
OR
Log In

Show Comments

Extras

Top Quizzes Today


Score Distribution

Your Account Isn't Verified!

In order to create a playlist on Sporcle, you need to verify the email address you used during registration. Go to your Sporcle Settings to finish the process.

Report this User

Report this user for behavior that violates our Community Guidelines.

Details: